| 000 | 00743nam a22001695i 4500 | ||
|---|---|---|---|
| 001 | 156469 | ||
| 003 | ES-MaACL | ||
| 005 | 20230906210421.0 | ||
| 008 | 040805s1867 fr a |||| | fre d | ||
| 040 |
_aCAM _bspa _cCAM |
||
| 100 | 1 |
_aJozan de Saint-André, Émile. _9128379 |
|
| 245 | 1 | 0 |
_aTraité pratique complet des maladies des femmes / _cpar Em. Jozan; illustré de 205 figures d'anatomie intercalées dans le texte. |
| 260 |
_aParis : _bL'auteur Dr. Jozan : _bH. Aniéré, _c1867 ( _fTypographie de Ad. R. Lainé et J. Havard) |
||
| 300 |
_a926 p. : _bil. ; _c18 cm. |
||
| 650 | 0 | 4 |
_aAparato genital femenino- _xEnfermedades. _99910 |
| 852 |
_aES-MaACL _jG-10725 _z-- Enc. pasta española _z-- Legado Gustavo Sáenz Diez, Septiembre 1893 |
||
| 999 |
_c156469 _d156469 |
||